000 00698nam a22001337a 4500
040 _cRUA
082 _aVEM LY 2015 B485 Or.1
100 _aLY PITOU; លី ពិទូរ្យ
245 _aEfficacy of applying honey and ampidexalone for the wound healing on dogs; ប្រសិទ្ធភាពនៃការប្រើប្រាស់ទឹកឃ្មុំ និងអំពីដិចសាឡោន ចំពោះការព្យាបាលមុខរបួសលើសត្វសុនខ
260 _aPhnom Penh
_bRUA
_c2015
300 _aix;30p.
_bill.
_c29cm.
856 _uhttps://drive.google.com/file/d/1DwopRDlWVReABX2lG4DhTNHIHjfe0WmD/view?usp=sharing
942 _cVEM
999 _c8137
_d8137